000 01175nam a22003377a 4500
003 CHAP
005 20220329140446.0
008 971013s1973 r 00010 d
010 _a52266
011 _a53238
035 _a57388
040 _cCHAP
090 _aTesis
100 0 0 _aPonce Ruiz, José Fernando.
_990818
245 _aControl de la roya (Uromyces phaseoli-typica Arth.) de: frijol en el estado de Guanajuato
260 _aChapingo, Méx. :
_bEl autor,
_c1973
300 _a53 h.
_b: ilus. ; apénd.
502 _aTesis (Ing. Agr. Esp. en Parasitología Agrícola) -- ENA. Departamento de Parasitología Agrícola
590 _aALEPH
_b10
_c20130110
_lUCH01
_h1329
590 _aBATCH-UPD
_b10
_c20130110
_lUCH01
_h0735
590 _aBATCH-UPD
_b10
_c20130410
_lUCH01
_h0418
590 _aBATCH-UPD
_b10
_c20130914
_lUCH01
_h1441
590 _aCONVERSION
_b10
_c20130109
_lUCH01
_h1328
650 1 4 _aFrijol
_xGuanajuato.
_943388
650 1 4 _aRoya del frijol.
_9100386
901 _aBK
942 _cFOLL
949 _bBC
_cTES
_d-124884
_eTS1
_i57388
_si
949 _bBC
_cTES
_d-124885
_eTS2
_fc.2
_i57388
_si
949 _bBC
_cTES
_d-124886
_eTS2
_fc.3
_h22986
_i57388
_si
999 _c52266
_d52266